000 01293nam a22002657a 4500
001 4137
003 FISKH
005 20240611130709.0
008 240611b cb ||||| |||| 00| 0 eng d
020 _a9781591940555
040 _aFISKH
_beng
_cFISKH
_dFISKH
050 _aPS2954.U5
082 _a813.3
100 _aStowe Beecher Harriet
_d1811-1896
245 _aUncle tom's cabin /
_cHarriet Beecher Stowe
260 _aLondon :
_bTownsend Press,
_c2005
300 _a180 pages :
_c18 cm
505 _aM
520 _aThe novel Uncle Tom's Cabin, by American author Harriet Beecher Stowe, focuses on a slave named Uncle Tom to weave a portrayal of the cruelty of slavery, finding redemption in the idea that Christian love can conquer something so destructive. It turned out to be the bestselling novel of the nineteenth century, helping to further the abolitionist cause after publication in 1852. At the start of the American Civil War Abraham Lincoln met Stowe and is said to have declared "So this is the little lady who made this big war." The novel had a major effect on people's attitudes towards slavery at the time.
521 8 _a660
_bLexile
521 8 _aM
_bRaz-Plus
700 _aHarriet Beecher Stowe
942 _2ddc
_cBK
_n0
999 _c4137
_d4137